000 004800000a22001810004500
003 MACL
005 20150804145435.0
008 150804b xxu||||| |||| 00| 0 eng d
040 _aMACL
_cMACL
041 _aEnglish
082 _a370/GUP
100 _aGupta, Asha
_94616
245 _aPrivate Higher Education
_bGlobal Trends and Indian Perspectives
260 _bShipra Publication
_c2008
_aNew Delhi
350 _a295
650 _aEducation
_94617
942 _cBK
_k370/GUP
_2ddc
999 _c41859
_d41859